00201nam a2200085Ia 4500008004100000100001800041245002400059260002300083260000900106170620s9999 xx 000 0 und d aKapoor - S.K. 0aSpecific relief Act bCentral Law Agency c1999